| 000 | 01126nam a2200313 4500 | ||
|---|---|---|---|
| 003 | EC-UNACH | ||
| 005 | 20251204151831.0 | ||
| 006 | s||||gr|||| 00| 00 | ||
| 008 | 150116t9999 mx r gr 000 0 spa d | ||
| 020 | _a84-252-2082-3 | ||
| 040 |
_aEC-UNACH _cEC-UNACH |
||
| 041 | _aspa | ||
| 082 | 0 | 4 |
_223 _aL018469 _b720 |
| 100 | _aBaker, Geoffrey | ||
| 245 | _aAnálisis de la forma | ||
| 250 | _aSegunda Edición | ||
| 264 |
_aBarcelona - España _bEditorial Gustavo Gili S.A. _c2005 |
||
| 300 |
_a319 páginas _bGráficos, Figuras _c21 x 30 centímetros |
||
| 501 | _aIncluye índice | ||
| 505 | _aPrimera parte: principios analíticos -- El quehacer de la arquitectura -- 2. Aspectos de la forma -- 3.- El análisis de la arquitectura -- Segunda parte: Estudios analíticos -- 5.- Estudios analíticos de los edificios -- 5.- Ciencia, filosofía, arte y arquitectura. | ||
| 650 | _aCULTURA | ||
| 650 | _aESTRUCTURA | ||
| 650 | _aGEOMETRÍA | ||
| 650 | _aLA FACHADA | ||
| 942 |
_2ddc _c1 |
||
| 999 | _c14250 | ||